LIBRARY & INFORMATION CENTRE, KCAET, TAVANUR

ONLINE PUBLIC ACCESS CATALOGUE (OPAC)

Performance evaluation of cost effective fertigation system (Record no. 15141)

MARC details
000 -LEADER
fixed length control field 00707nam a22002057a 4500
003 - CONTROL NUMBER IDENTIFIER
control field OSt
088 ## - REPORT NUMBER
Report number P 225
100 ## - MAIN ENTRY--AUTHOR NAME
Personal name ANU CHANDRAN
245 ## - TITLE STATEMENT
Title Performance evaluation of cost effective fertigation system
260 ## - PUBLICATION, DISTRIBUTION, ETC. (IMPRINT)
Place of publication Tavanur 2011
Name of publisher Kelappaji College of Agricultural Engineering
300 ## - PHYSICAL DESCRIPTION
Number of Pages 62
500 ## - GENERAL NOTE
General note Performance evaluation of cost effective fertigation system
520 ## - SUMMARY, ETC.
Summary, etc Performance evaluation of cost effective fertigation system
700 ## - ADDED ENTRY--PERSONAL NAME
Personal name Neethu M. V
700 ## - ADDED ENTRY--PERSONAL NAME
Personal name Shahnaz Abdul Rahman
700 ## - ADDED ENTRY--PERSONAL NAME
Personal name Er. Sajeena S (Guide)
856 ## - ELECTRONIC LOCATION AND ACCESS
Uniform Resource Identifier https://drive.google.com/open?id=1WY45LPvuWmcgHy0LcbmhqTtjbk-_YNn_
942 ## - ADDED ENTRY ELEMENTS (KOHA)
Koha item type Project Report
Holdings
Collection code Home library Current library Shelving location Full call number Accession Number Koha item type
Reference KAUAET KAUAET Reference 631.75807 ANU/PE P 225 Project Report
free website counter